[Event "XXV C.to Italiano a squadre A"]
[Site "ITA"]
[Date "1993.??.??"]
[Round "3"]
[White "Bellomo, Francesco"]
[Black "Lagumina, Giulio"]
[Result "1/2-1/2"]
[WhiteElo "2365"]
[BlackElo "2275"]
[PlyCount "111"]
[EventDate "1993.01.31"]

1. Nf3 d5 2. g3 Nf6 3. Bg2 e6 4. O-O c5 5. d3 Nc6 6. Nbd2 b6 7. e4 Bb7 8. Re1
Be7 9. e5 Nd7 10. c4 d4 11. Ne4 Ncxe5 12. Nxe5 Nxe5 13. Nxc5 Bxg2 14. Kxg2 bxc5
15. Rxe5 O-O 16. Qf3 Bd6 17. Re2 Qc7 18. Bd2 a5 19. Rae1 a4 20. Qe4 Rab8 21.
Bc1 Qb7 22. f4 Qxe4+ 23. Rxe4 h5 24. h3 g6 25. Kf3 Rfe8 26. g4 hxg4+ 27. hxg4
Kg7 28. f5 Rh8 29. Rg1 Rh2 30. Re2 exf5 31. gxf5 Rh3+ 32. Kf2 Rxd3 33. fxg6
fxg6 34. Re6 Rf8+ 35. Ke2 Rg3 36. Rxg3 Bxg3 37. Ra6 Bf4 38. Bxf4 Rxf4 39. Rxa4
Kf6 40. Ra5 Re4+ 41. Kf3 Re3+ 42. Kf2 Re5 43. Rb5 Kf5 44. a4 Ke4 45. a5 Rf5+
46. Kg2 d3 47. a6 Rf6 48. Rxc5 Rxa6 49. Kf2 Kd4 50. Rc8 Rb6 51. Rd8+ Kxc4 52.
Rc8+ Kb3 53. Rc3+ Kxb2 54. Rxd3 Kc2 55. Rd8 g5 56. Kg3 1/2-1/2

[Event "XXV C.to Italiano a squadre A"]
[Site "ITA"]
[Date "1993.??.??"]
[Round "3"]
[White "Benvenuti, Carlo"]
[Black "Lantini, Marco"]
[Result "1-0"]
[WhiteElo "2105"]
[BlackElo "2195"]
[PlyCount "103"]
[EventDate "1993.01.31"]

1. d4 d5 2. Bf4 Nf6 3. e3 e6 4. Nd2 Be7 5. h3 b6 6. Ngf3 O-O 7. c3 c5 8. Bd3
Ba6 9. Bxa6 Nxa6 10. O-O Nb8 11. Qc2 Nc6 12. Rad1 Rc8 13. Qb1 Bd6 14. Bxd6 Qxd6
15. Rfe1 Qc7 16. Qd3 Qb7 17. a3 Na5 18. Ne5 Nd7 19. Nxd7 Qxd7 20. dxc5 bxc5 21.
b4 Nc6 22. f4 Qc7 23. Qb5 Ne7 24. Nf3 Nf5 25. Qd3 Ng3 26. Ng5 g6 27. Kf2 h6 28.
Nxe6 Ne4+ 29. Qxe4 dxe4 30. Nxc7 Rxc7 31. b5 a6 32. bxa6 Ra8 33. Rd6 Rb8 34.
Red1 Rb2+ 35. R1d2 Rb3 36. Rd8+ Kg7 37. Re8 Rxa3 38. Rxe4 Rxa6 39. Rc4 f5 40.
Rd5 Ra5 41. g4 fxg4 42. hxg4 Rc6 43. Kf3 Kf7 44. e4 Rb5 45. e5 Ra5 46. Ke4 Ke7
47. Rd2 Rc8 48. Rd6 Kf7 49. Rd7+ Kg8 50. e6 Ra1 51. Ke5 Rg1 52. f5 1-0

[Event "XXV C.to Italiano a squadre A"]
[Site "ITA"]
[Date "1993.??.??"]
[Round "3"]
[White "Caloni, Ugo"]
[Black "Bernardi, Ruben"]
[WhiteElo "1800"]
[BlackElo "1963"]
[Result "1/2-1/2"]
[PlyCount "106"]
[EventDate "1993.01.31"]

1. d4 c5 2. d5 e5 3. c4 d6 4. Nc3 g6 5. e4 Bg7 6. Bd3 Ne7 7. f4 exf4 8. Bxf4 a6
9. h3 Qb6 10. Qd2 Nd7 11. Nf3 O-O 12. O-O f6 13. Rf2 g5 14. Bg3 Ng6 15. Raf1
Re8 16. Ne2 Qc7 17. a4 b6 18. b3 Ra7 19. Bh2 Nde5 20. Bxe5 Nxe5 21. Nxe5 Rxe5
22. Ng3 Qd8 23. Nh5 Rf7 24. g4 a5 25. Rf3 Re8 26. Qb2 Ref8 27. Kg2 Bh8 28. Qf2
Qe7 29. Qg3 Bd7 30. R1f2 Bc8 31. Rf1 Bd7 32. Qf2 Qe5 33. Bc2 Bc8 34. Ng3 Bg7
35. Re1 Re7 36. Rfe3 Rfe8 37. R1e2 Bd7 38. Re1 Bc8 39. Rf3 Rf8 40. Ne2 Ref7 41.
Re3 Re7 42. Nc1 Ref7 43. Nd3 Qe7 44. Qg3 Bd7 45. Qf3 Bc8 46. Nf2 Qe5 47. Nd1
Bd7 48. R3e2 Re7 49. Kf2 Bc8 50. Rh1 Bd7 51. Ne3 Qd4 52. Kg2 Qe5 53. Bd3 Qc3
1/2-1/2

[Event "XXV C.to Italiano a squadre A"]
[Site "ITA"]
[Date "1993.??.??"]
[Round "3"]
[White "Cerchiari, Fulvio"]
[Black "Mocchi, Tullio"]
[WhiteElo "2124"]
[BlackElo "1969"]
[Result "0-1"]
[PlyCount "74"]
[EventDate "1993.01.31"]

1. Nf3 Nf6 2. d4 d6 3. Bf4 Nbd7 4. e3 g6 5. Bc4 Bg7 6. Bxf7+ Kxf7 7. Ng5+ Kg8
8. Ne6 Qe8 9. Nxc7 Qd8 10. Nxa8 Nf8 11. Qf3 Be6 12. Qxb7 Bd5 13. Qc7 Qxa8 14.
Qxe7 Ne8 15. Bxd6 Qc6 16. Bc5 Ne6 17. b4 Bf6 18. Qxa7 Bxg2 19. Rg1 Ng5 20. Nd2
Nf3+ 21. Nxf3 Bxf3 22. Qa5 Bh4 23. b5 Qe4 24. Qc3 Nf6 25. Qc4+ Nd5 26. Rg3 Bxg3
27. hxg3 Bg4 28. Bd6 Kf7 29. b6 Rc8 30. Bc7 Kg7 31. b7 Nxe3 32. Be5+ Kh6 33.
Bf4+ Kh5 34. f3 Bxf3 35. Qb5+ Nf5+ 36. Kf1 Rxc2 37. Qe5 Qd3+ 0-1

[Event "XXV C.to Italiano a squadre A"]
[Site "ITA"]
[Date "1993.??.??"]
[Round "3"]
[White "Colombo, Paolo"]
[Black "Albano, Marco"]
[Result "1-0"]
[WhiteElo "2215"]
[BlackElo "2230"]
[PlyCount "137"]
[EventDate "1993.01.31"]

1. d4 Nf6 2. c4 e6 3. Nf3 b6 4. g3 Bb7 5. Bg2 Be7 6. O-O O-O 7. Nc3 d6 8. Qc2
Nbd7 9. e4 e5 10. dxe5 Nxe5 11. Nxe5 dxe5 12. Rd1 Bd6 13. c5 bxc5 14. Be3 Qe7
15. Na4 Nd7 16. Rac1 Rfd8 17. Bh3 Bc6 18. Rd2 h6 19. Bg4 Rab8 20. Nxc5 Nxc5 21.
Bxc5 Bxc5 22. Qxc5 Qxc5 23. Rxd8+ Rxd8 24. Rxc5 Bxe4 25. Rxe5 f5 26. Bh5 g6 27.
Be2 Rd2 28. Kf1 Rxb2 29. f3 Bb1 30. Ra5 Rb7 31. Ba6 Rb4 32. Be2 Rb7 33. Ba6 Rb2
34. Bc4+ Kf8 35. Rxa7 Rxh2 36. Be2 h5 37. Rxc7 Bxa2 38. Rc2 Rh1+ 39. Kg2 Ra1
40. Rc8+ Kg7 41. Ra8 g5 42. Bc4 Bxc4 43. Rxa1 g4 44. f4 Bd3 45. Kf2 Bc2 46. Ke3
Be4 47. Kd4 Kf6 48. Ra6+ Kg7 49. Ke5 h4 50. gxh4 g3 51. h5 g2 52. Rg6+ Kh7 53.
Kd4 Bf3 54. Ke3 Bg4 55. Kf2 Bxh5 56. Rxg2 Bg4 57. Ke3 Kg6 58. Kd4 Kf6 59. Rb2
Bd1 60. Rb6+ Kf7 61. Ke5 Bc2 62. Rb7+ Kf8 63. Kf6 Ke8 64. Re7+ Kd8 65. Re5 Kd7
66. Rxf5 Bxf5 67. Kxf5 Ke7 68. Kg6 Kf8 69. Kf6 1-0

[Event "XXV C.to Italiano a squadre A"]
[Site "ITA"]
[Date "1993.??.??"]
[Round "3"]
[White "Cocozza, Mario"]
[Black "Malloni, Marcello"]
[Result "1-0"]
[WhiteElo "2350"]
[BlackElo "2235"]
[PlyCount "41"]
[EventDate "1993.01.31"]

1. e4 e6 2. d4 d5 3. Nd2 Nf6 4. e5 Nfd7 5. c3 c5 6. f4 Nc6 7. Ndf3 cxd4 8. cxd4
Nb6 9. Bd3 Bd7 10. Ne2 h5 11. O-O g6 12. a3 a5 13. b3 a4 14. b4 Rc8 15. Rb1 Rc7
16. Bd2 Nc4 17. Bxc4 dxc4 18. b5 Qa8 19. bxc6 Bxc6 20. Bb4 Bxb4 21. Rxb4 1-0

[Event "XXV C.to Italiano a squadre A"]
[Site "ITA"]
[Date "1993.??.??"]
[Round "3"]
[White "Demetz, Rainer"]
[Black "Bellini, Fabio"]
[Result "1-0"]
[WhiteElo "2157"]
[BlackElo "2340"]
[PlyCount "105"]
[EventDate "1993.01.31"]

1. e4 e6 2. d4 d5 3. Nc3 dxe4 4. Nxe4 Be7 5. Nf3 Nf6 6. Nxf6+ Bxf6 7. Bd3 c5 8.
dxc5 Qa5+ 9. Bd2 Qxc5 10. c3 Nd7 11. O-O O-O 12. Qe2 g6 13. Rad1 Re8 14. Bf4 e5
15. Bb5 Re7 16. Be3 Qc7 17. Nd2 e4 18. f3 a6 19. Bxd7 Bxd7 20. Nxe4 Be5 21. Qf2
Bxh2+ 22. Kh1 Be5 23. Qh4 Bc6 24. Bb6 Qxb6 25. Qxe7 Re8 26. Nf6+ Bxf6 27. Qxf6
Qxb2 28. Rfe1 Rxe1+ 29. Rxe1 Qd2 30. Qe5 Qh6+ 31. Kg1 Qg7 32. Qd4 Qxd4+ 33.
cxd4 Kf8 34. Kf2 f6 35. Re3 Kf7 36. Ke2 h5 37. Kd3 Bd5 38. a3 g5 39. Kc3 g4 40.
fxg4 h4 41. Rh3 Bxg2 42. Rxh4 Bd5 43. Rh5 Bf3 44. d5 Ke7 45. Kd4 Kd6 46. Rf5
Bxg4 47. Rxf6+ Kd7 48. Rf7+ Kc8 49. Ke5 Bh3 50. Kd6 b5 51. Ra7 Bf1 52. Rxa6 b4
53. Rc6+ 1-0

[Event "XXV C.to Italiano a squadre A"]
[Site "ITA"]
[Date "1993.??.??"]
[Round "3"]
[White "De Sortis, Sergio"]
[Black "Zichichi, Alvise"]
[Result "0-1"]
[WhiteElo "1900"]
[BlackElo "2305"]
[PlyCount "58"]
[EventDate "1993.01.31"]

1. d4 e6 2. c4 f5 3. Nf3 Nf6 4. g3 d5 5. Bg2 c6 6. O-O Be7 7. b3 O-O 8. Ba3 b6
9. Bxe7 Qxe7 10. Nbd2 Nbd7 11. Qc2 Ba6 12. Rfe1 Rac8 13. Ne5 Nxe5 14. dxe5 Ng4
15. Qc3 f4 16. Rf1 Rcd8 17. Nf3 c5 18. h3 Nh6 19. Rad1 fxg3 20. fxg3 d4 21. Qe1
Nf5 22. Rd2 Ne3 23. Rf2 Bb7 24. Nh4 Bxg2 25. Nxg2 Qg5 26. Rxf8+ Rxf8 27. Rd3
Qxe5 28. Nxe3 dxe3 29. g4 Rf2 0-1

[Event "XXV C.to Italiano a squadre A"]
[Site "ITA"]
[Date "1993.??.??"]
[Round "3"]
[White "Diana, Riccardo"]
[Black "Villa, Flavio"]
[WhiteElo "2100"]
[BlackElo "2000"]
[Result "1/2-1/2"]
[PlyCount "93"]
[EventDate "1993.01.31"]

1. e4 c6 2. d4 d5 3. Nc3 dxe4 4. Nxe4 Bf5 5. Ng3 Bg6 6. h4 h6 7. Nf3 Nd7 8. h5
Bh7 9. Bd3 Bxd3 10. Qxd3 Qc7 11. Bd2 e6 12. Ne4 Ngf6 13. O-O-O O-O-O 14. Qe2
Nxe4 15. Qxe4 Bd6 16. g3 Kb8 17. Kb1 Nf6 18. Qe2 Rd7 19. c4 c5 20. Bc3 cxd4 21.
Bxd4 Qa5 22. Be5 Bxe5 23. Nxe5 Re7 24. Rd3 Rd8 25. Rxd8+ Qxd8 26. Rd1 Qc7 27.
f4 a6 28. Rd3 Nd7 29. Qd2 Nxe5 30. Rd8+ Ka7 31. Qd4+ b6 32. fxe5 Qc6 33. a3 Rc7
34. Rd6 Qc5 35. Qxc5 Rxc5 36. Rd7+ Kb8 37. Rxf7 Rxe5 38. Rxg7 Rxh5 39. Rg6 Kc7
40. Rxe6 Rg5 41. Rxh6 Rxg3 42. Kc2 a5 43. Rh2 Kc6 44. Rd2 Kc5 45. b3 a4 46.
Rd5+ Kc6 47. Rb5 1/2-1/2

[Event "XXV C.to Italiano a squadre A"]
[Site "ITA"]
[Date "1993.??.??"]
[Round "3"]
[White "Di Donna, Massimo"]
[Black "Vezzosi, Paolo"]
[Result "1/2-1/2"]
[WhiteElo "2255"]
[BlackElo "2305"]
[PlyCount "54"]
[EventDate "1993.01.31"]

1. c4 e5 2. Nc3 Nc6 3. Nf3 g6 4. e3 f5 5. d4 e4 6. d5 exf3 7. dxc6 fxg2 8.
cxd7+ Qxd7 9. Qxd7+ Bxd7 10. Bxg2 O-O-O 11. b3 Bg7 12. Bb2 f4 13. O-O-O fxe3
14. fxe3 Nh6 15. Nd5 Bxb2+ 16. Kxb2 Ng4 17. Rhf1 c6 18. h3 cxd5 19. hxg4 dxc4
20. Rf7 cxb3 21. axb3 b6 22. g5 Rhf8 23. Rdxd7 Rxf7 24. Rxf7 Rd2+ 25. Kc3 Rxg2
26. Rxa7 Rxg5 27. Rxh7 Rc5+ 1/2-1/2

[Event "XXV C.to Italiano a squadre A"]
[Site "ITA"]
[Date "1993.??.??"]
[Round "3"]
[White "Di Segni, Raffaele"]
[Black "Beggi, Pierluigi"]
[Result "0-1"]
[WhiteElo "2049"]
[BlackElo "2235"]
[PlyCount "52"]
[EventDate "1993.01.31"]

1. Nf3 Nf6 2. c4 g6 3. Nc3 d5 4. d4 Bg7 5. e3 O-O 6. Be2 c5 7. O-O cxd4 8. Nxd4
Nc6 9. cxd5 Nxd5 10. Nxd5 Qxd5 11. Bf3 Qc5 12. Nxc6 bxc6 13. Qa4 Rb8 14. a3 Be6
15. Qxc6 Qxc6 16. Bxc6 Rfc8 17. Be4 f5 18. Bf3 Bxb2 19. Bxb2 Rxb2 20. h4 Rcc2
21. Rfc1 Rxf2 22. Rc7 Kf7 23. Rxa7 Rfd2 24. a4 Bd5 25. Rd1 Rxd1+ 26. Bxd1 Rb1
0-1

[Event "XXV C.to Italiano a squadre A"]
[Site "ITA"]
[Date "1993.??.??"]
[Round "3"]
[White "Garofalo, Pietro"]
[Black "Dino, Giuseppe"]
[WhiteElo "1970"]
[BlackElo "1965"]
[Result "1-0"]
[PlyCount "103"]
[EventDate "1993.01.31"]

1. Nf3 d6 2. d4 Nf6 3. c4 g6 4. Nc3 Bg7 5. e4 O-O 6. Be2 e5 7. d5 a5 8. Bg5 Na6
9. Nd2 Qe8 10. a3 Nd7 11. g4 h6 12. Be3 Nf6 13. h4 Qd7 14. Rg1 Nh7 15. Rg3 g5
16. h5 Qe7 17. f3 Bd7 18. Kf2 Nf6 19. Rg1 b6 20. Qc2 Rfb8 21. b3 Bf8 22. Ra2
Rb7 23. Rb1 Rba7 24. b4 axb4 25. axb4 Be8 26. Qb2 Nb8 27. Rba1 Rxa2 28. Rxa2
Rxa2 29. Qxa2 Qd8 30. Qa8 Bd7 31. Bd1 Kg7 32. Ba4 Bxg4 33. fxg4 Nxg4+ 34. Kf3
Nxe3 35. Kxe3 g4 36. Bd1 Qg5+ 37. Kd3 Qxh5 38. Qxb8 Qh3+ 39. Kc2 g3 40. Bf3 g2
41. Bxg2 Qxg2 42. Qc8 h5 43. Nd1 Qg3 44. Qf5 h4 45. Qf3 Qxf3 46. Nxf3 Be7 47.
Ne3 Bd8 48. Nxh4 Kh6 49. Nhf5+ Kg5 50. Kd3 Kf4 51. Nh6 f6 52. Nef5 1-0

[Event "XXV C.to Italiano a squadre A"]
[Site "ITA"]
[Date "1993.??.??"]
[Round "3"]
[White "Gueci, Riccardo"]
[Black "Tarascio, Giuseppe"]
[Result "1-0"]
[WhiteElo "2235"]
[BlackElo "2077"]
[PlyCount "81"]
[EventDate "1993.01.31"]

1. e4 e5 2. Nf3 Nc6 3. Be2 Nf6 4. d3 d5 5. Nbd2 Be7 6. c3 O-O 7. O-O Re8 8. Qc2
Bf8 9. b4 a6 10. Bb2 Bg4 11. Rfe1 Qd7 12. a4 Bd6 13. Bf1 dxe4 14. dxe4 Ne7 15.
Re3 Ng6 16. h3 Bxf3 17. Nxf3 Rad8 18. Rd1 Qe7 19. g3 h6 20. Nd2 c6 21. Bg2 Bb8
22. Nc4 Rxd1+ 23. Qxd1 Rd8 24. Rd3 Rxd3 25. Qxd3 Qd7 26. Qxd7 Nxd7 27. Na5 Nb6
28. Nxb7 Nxa4 29. Ba1 Nf8 30. Bf1 Ne6 31. h4 Nc7 32. Nd8 Nb5 33. Nxc6 Bc7 34.
Bxb5 axb5 35. Na7 Nb6 36. Nxb5 Bb8 37. Kf1 Kf8 38. Ke2 Ke8 39. Kd3 Kd7 40. c4
Kc6 41. Nc3 1-0

[Event "XXV C.to Italiano a squadre A"]
[Site "ITA"]
[Date "1993.??.??"]
[Round "3"]
[White "Gullotto, Vincenzo"]
[Black "Blasco, Domenico"]
[Result "0-1"]
[WhiteElo "1900"]
[BlackElo "2205"]
[PlyCount "100"]
[EventDate "1993.01.31"]

1. d4 Nf6 2. Nf3 Ne4 3. Bf4 d5 4. e3 e6 5. Bd3 Bd6 6. Ne5 Nd7 7. Nd2 Nxd2 8.
Qxd2 Nxe5 9. dxe5 Be7 10. Rd1 Bg5 11. O-O Bxf4 12. exf4 O-O 13. Rfe1 f5 14. Re3
c5 15. c3 Bd7 16. Rh3 Qe7 17. Qe2 Be8 18. Kh1 Rd8 19. Bc2 Bc6 20. Qh5 g6 21.
Qh4 Qxh4 22. Rxh4 Rd7 23. Rh3 Bb5 24. Bd3 Ba4 25. b3 Bc6 26. Bc2 b5 27. Rhd3 c4
28. R3d2 Rb8 29. b4 a5 30. bxa5 Ra7 31. Rb1 Rxa5 32. a4 Rba8 33. axb5 Rxb5 34.
Rdd1 Ra2 35. Rxb5 Bxb5 36. Rc1 Kf8 37. Kg1 Ke7 38. Kf1 Kd7 39. Ke2 Ba4 40. Kd1
Rxc2 41. Rxc2 Bxc2+ 42. Kxc2 Kc6 43. Kd2 Kc5 44. Ke3 Kb5 45. Kd4 Ka4 46. Ke3
Kb3 47. Kd2 Kb2 48. f3 d4 49. cxd4 c3+ 50. Kd3 c2 0-1

[Event "XXV C.to Italiano a squadre A"]
[Site "ITA"]
[Date "1993.??.??"]
[Round "3"]
[White "Iannaccone, Ernesto"]
[Black "Lucaroni, Massimiliano"]
[Result "1/2-1/2"]
[WhiteElo "2385"]
[BlackElo "2295"]
[PlyCount "59"]
[EventDate "1993.01.31"]

1. d4 e6 2. Nf3 f5 3. d5 Nf6 4. dxe6 dxe6 5. Qxd8+ Kxd8 6. Nc3 Nc6 7. Bg5 Bb4
8. O-O-O+ Ke7 9. Nb5 a6 10. Nbd4 Nxd4 11. Rxd4 Bd6 12. e4 e5 13. Rd1 h6 14.
Bxf6+ Kxf6 15. g3 Bc5 16. Nxe5 fxe4 17. Nd7+ Bxd7 18. Rxd7 Bxf2 19. Rxc7 Rhd8
20. Bc4 e3 21. Bd3 Rac8 22. Rxc8 Rxc8 23. Kd1 Ke5 24. Ke2 a5 25. Rd1 g5 26. c3
Rd8 27. a4 b6 28. Rb1 Rc8 29. Ra1 h5 30. Rd1 1/2-1/2

[Event "XXV C.to Italiano a squadre A"]
[Site "ITA"]
[Date "1993.??.??"]
[Round "3"]
[White "Iotti, Pierluigi"]
[Black "Martin, Tiziano"]
[Result "1-0"]
[WhiteElo "2300"]
[BlackElo "1957"]
[PlyCount "73"]
[EventDate "1993.01.31"]

1. d4 d5 2. c4 e6 3. Nc3 Be7 4. Nf3 Nf6 5. Bg5 O-O 6. e3 b6 7. Rc1 Bb7 8. Bxf6
Bxf6 9. cxd5 exd5 10. b4 Nd7 11. Qb3 c6 12. Be2 Be7 13. b5 Rc8 14. bxc6 Bxc6
15. Ba6 Rc7 16. O-O Nf6 17. Ne5 Bd6 18. Nxc6 Rxc6 19. Nxd5 Bxh2+ 20. Kxh2 Ng4+
21. Kg3 Rg6 22. Kf3 Nh2+ 23. Ke2 Nxf1 24. Kxf1 Qh4 25. Qc4 h5 26. Nf4 Rf6 27.
Qc7 g5 28. g3 Qh2 29. Nd3 Re8 30. Ke2 h4 31. Rc6 Rxf2+ 32. Nxf2 hxg3 33. Rf6
Qh5+ 34. Kd2 g2 35. Qg3 g4 36. Bc4 Re7 37. Qxg2 1-0

[Event "XXV C.to Italiano a squadre A"]
[Site "ITA"]
[Date "1993.??.??"]
[Round "3"]
[White "Lostuzzi, Manlio"]
[Black "Rogulj, Branko"]
[Result "1/2-1/2"]
[WhiteElo "2335"]
[BlackElo "2415"]
[PlyCount "87"]
[EventDate "1993.01.31"]

1. e4 Nc6 2. d4 e5 3. dxe5 Nxe5 4. Nf3 Qf6 5. Nxe5 Qxe5 6. Bd3 Nf6 7. O-O Bc5
8. Nd2 d5 9. Nf3 Qh5 10. exd5 O-O 11. c4 c6 12. Bg5 Bg4 13. Bxf6 gxf6 14. h3
Bxf3 15. Qxf3 Qxf3 16. gxf3 cxd5 17. cxd5 Rad8 18. Bc4 f5 19. Kg2 Rd6 20. Rh1
Bd4 21. Rab1 Rc8 22. Rhc1 Be5 23. Bb3 Re8 24. Re1 Kf8 25. Re2 Rg6+ 26. Kf1 Bh2
27. Rxe8+ Kxe8 28. Ke2 Rh6 29. Bc2 Rxh3 30. Rh1 Rh6 31. Bxf5 Ke7 32. Kd3 Kd6
33. Be4 Ke5 34. Kc4 Kd6 35. b3 Rh4 36. Kd3 Ke5 37. Ke2 f5 38. Bd3 Rh6 39. Bc4
Bf4 40. Rxh6 Bxh6 41. Kf1 Bg5 42. Kg2 h5 43. Kh3 Be7 44. Bd3 1/2-1/2

[Event "XXV C.to Italiano a squadre A"]
[Site "ITA"]
[Date "1993.??.??"]
[Round "3"]
[White "Maldarelli, Lorenzo"]
[Black "De Vita, Gianni"]
[WhiteElo "1815"]
[BlackElo "2003"]
[Result "0-1"]
[PlyCount "85"]
[EventDate "1993.01.31"]

1. d4 d5 2. c4 c6 3. Nc3 Nf6 4. Nf3 e6 5. Bg5 Be7 6. e3 Ne4 7. Nxe4 dxe4 8.
Bxe7 Qxe7 9. Nd2 f5 10. g3 Nd7 11. f3 e5 12. d5 cxd5 13. cxd5 O-O 14. Bc4 Qc5
15. Qe2 exf3 16. Nxf3 e4 17. Nd4 Ne5 18. b3 f4 19. gxf4 Rxf4 20. exf4 Qxd4 21.
fxe5 Qxa1+ 22. Qd1 Qxe5 23. O-O Bh3 24. d6+ Kh8 25. Qd5 Qxd5 26. Bxd5 Bxf1 27.
Kxf1 Rd8 28. Bxb7 Rxd6 29. Ke2 Rd3 30. Bxe4 Rh3 31. Bg2 Rxh2 32. Kf3 g5 33. a4
Rh4 34. Ke3 Rg4 35. Bf3 Rb4 36. Bd5 Kg7 37. Kd3 Kf6 38. Bc4 Ke5 39. a5 Kd6 40.
Kd4 h5 41. Ke4 Rxc4+ 42. bxc4 Kc5 43. Kf5 0-1

[Event "XXV C.to Italiano a squadre A"]
[Site "ITA"]
[Date "1993.??.??"]
[Round "3"]
[White "Paulmichl, Martin"]
[Black "Carparelli, Luciano"]
[WhiteElo "1956"]
[BlackElo "1900"]
[Result "0-1"]
[PlyCount "48"]
[EventDate "1993.01.31"]

1. e4 c5 2. d4 cxd4 3. c3 d6 4. cxd4 Nf6 5. Nc3 g6 6. Nf3 Bg7 7. Bc4 O-O 8. O-O
Nxe4 9. Bxf7+ Rxf7 10. Nxe4 h6 11. Qb3 Qb6 12. Qxb6 axb6 13. Be3 Bg4 14. Ned2
Nc6 15. a3 e5 16. d5 Nd4 17. Bxd4 exd4 18. Nc4 Bxf3 19. gxf3 Rxf3 20. Nxb6 Raf8
21. Rae1 d3 22. Nc4 Bd4 23. Re6 Rxf2 24. Rxf2 Rxf2 0-1

[Event "XXV C.to Italiano a squadre A"]
[Site "ITA"]
[Date "1993.??.??"]
[Round "3"]
[White "Pizzuto, Samuele Tullio"]
[Black "De Palma, Fabrizio"]
[WhiteElo "2011"]
[BlackElo "1803"]
[Result "0-1"]
[PlyCount "129"]
[EventDate "1993.01.31"]

1. e4 c5 2. Nf3 e6 3. d4 cxd4 4. Nxd4 a6 5. Nc3 Qc7 6. Bd3 Bc5 7. Nb3 Ba7 8.
Qf3 Ne7 9. Bf4 e5 10. Bg5 Nbc6 11. O-O d6 12. Rad1 O-O 13. Qg3 Kh8 14. Kh1 Be6
15. f4 f6 16. fxe5 dxe5 17. Be3 Bxe3 18. Qxe3 Bxb3 19. axb3 Nd4 20. Nd5 Qc5 21.
b4 Qd6 22. c3 Ndc6 23. Nb6 Rad8 24. Be2 Qe6 25. h3 Nd4 26. Nc4 Nxe2 27. Qxe2
Ng6 28. Ne3 Nf4 29. Qc4 Qxc4 30. Nxc4 Nd3 31. Rd2 b5 32. Ne3 Nf4 33. Rfd1 Ne6
34. Rd6 Rxd6 35. Rxd6 Ng5 36. Rxa6 Nxe4 37. Rb6 h5 38. Rxb5 Nf2+ 39. Kg1 Nd3
40. Rd5 Nf4 41. Rd7 Ra8 42. Kf2 Ra2 43. Nc4 e4 44. b5 Nd3+ 45. Rxd3 exd3 46.
Ke3 d2 47. Kxd2 Ra8 48. Kd3 Rd8+ 49. Ke4 Kg8 50. b6 Kf7 51. b7 Ke6 52. Na5 Kd6
53. Kd4 Kc7+ 54. Ke3 Re8+ 55. Kf2 g5 56. b4 f5 57. c4 Rd8 58. c5 Rd2+ 59. Kf3
Rb2 60. b8=Q+ Kxb8 61. Nc6+ Kc7 62. Nd4 Rxb4 63. Ne6+ Kc6 64. Nxg5 Kxc5 65.
Ne6+ 0-1

[Event "XXV C.to Italiano a squadre A"]
[Site "ITA"]
[Date "1993.??.??"]
[Round "3"]
[White "Podini, Francesco"]
[Black "Niederstaetter, Harald"]
[WhiteElo "1860"]
[BlackElo "1863"]
[Result "1-0"]
[PlyCount "73"]
[EventDate "1993.01.31"]

1. c4 d6 2. Nc3 f5 3. g3 Nf6 4. Bg2 g6 5. d3 Bg7 6. e4 O-O 7. Nge2 fxe4 8. dxe4
e5 9. O-O Be6 10. b3 Nc6 11. f3 Qd7 12. Be3 Rad8 13. Qd2 Ne7 14. Rfd1 a6 15.
Rac1 c5 16. Nd5 Nc6 17. Bg5 Nd4 18. Nxd4 cxd4 19. Qa5 Rc8 20. Nb6 Qc7 21. b4
Rce8 22. c5 Nd7 23. Nxd7 Qxd7 24. cxd6 Qxd6 25. Rc7 b6 26. Rxg7+ Kxg7 27. Qxa6
Qxb4 28. Qb7+ Rf7 29. Qc6 Bd7 30. Qd5 Qa4 31. Rc1 Qa5 32. Bh6+ Kg8 33. Qc4 Qb5
34. Bf1 Qb2 35. Qd5 b5 36. Rc7 Be6 37. Qxe6 1-0

[Event "XXV C.to Italiano a squadre A"]
[Site "ITA"]
[Date "1993.??.??"]
[Round "3"]
[White "Previati, Marco"]
[Black "Verrascina, Roberto"]
[Result "1/2-1/2"]
[WhiteElo "2004"]
[BlackElo "2240"]
[PlyCount "129"]
[EventDate "1993.01.31"]

1. d4 Nf6 2. Bg5 d5 3. Bxf6 exf6 4. e3 Bd6 5. Bd3 O-O 6. Qf3 Nc6 7. c3 Ne7 8.
Ne2 c6 9. Nd2 Be6 10. Nf4 Qd7 11. Nxe6 fxe6 12. Qh3 f5 13. O-O-O Rf6 14. g4
Raf8 15. g5 R6f7 16. g6 Nxg6 17. Nf3 Rf6 18. Rdg1 Ne7 19. Rg5 R6f7 20. Rhg1 g6
21. Qh6 Rg7 22. R5g2 Kh8 23. Qh3 Qe8 24. Ng5 Ng8 25. f4 Bc7 26. Qg3 Nf6 27. h4
Ng4 28. Kd2 h5 29. Be2 Rf6 30. Nf3 Qb8 31. Ne5 Bxe5 32. fxe5 Rf8 33. Rf1 Rgf7
34. Rf4 Kg7 35. Rg1 Qd8 36. Rgf1 Qd7 37. Bf3 Qd8 38. Bd1 Qd7 39. Bf3 Qd8 40.
Bd1 Qb6 41. Kc1 Qd8 42. Bc2 Qa5 43. a4 Qd8 44. b3 b6 45. Kb2 Qb8 46. Ra1 a6 47.
Bd3 Ra7 48. Be2 Rff7 49. Bxg4 fxg4 50. Rf6 Qe8 51. Raf1 Rxf6 52. exf6+ Kh7 53.
e4 dxe4 54. Qe5 Rf7 55. Qxe4 Qd7 56. c4 Qd6 57. Qe5 Qxe5 58. dxe5 g5 59. hxg5
Kg6 60. Kc2 h4 61. Kd2 g3 62. Ke2 Kxg5 63. Kf3 Rh7 64. Kg2 Kg4 65. Re1 1/2-1/2

[Event "XXV C.to Italiano a squadre A"]
[Site "ITA"]
[Date "1993.??.??"]
[Round "3"]
[White "Sarno, Spartaco"]
[Black "Borgo, Giulio"]
[Result "1-0"]
[WhiteElo "2410"]
[BlackElo "2365"]
[PlyCount "81"]
[EventDate "1993.01.31"]

1. c4 c5 2. g3 Nf6 3. Bg2 d5 4. cxd5 Nxd5 5. Nc3 Nc7 6. Nf3 Nc6 7. O-O g6 8. d3
Bg7 9. Be3 b6 10. Qa4 Bd7 11. Qh4 e5 12. Bg5 f6 13. Bh6 O-O 14. Bxg7 Kxg7 15.
Nd2 Qe7 16. f4 Rae8 17. Rf2 f5 18. Qxe7+ Rxe7 19. Nc4 exf4 20. gxf4 Rd8 21. a3
b5 22. Bxc6 Bxc6 23. Ne5 Be8 24. b4 Ne6 25. e3 Rc7 26. Ne2 Kf6 27. bxc5 g5 28.
d4 gxf4 29. Nxf4 Rg7+ 30. Ng2 Nxd4 31. exd4 Rxd4 32. Re1 Rd5 33. Nf3 Bc6 34.
Rfe2 Rc7 35. Re6+ Kg7 36. Re7+ Rxe7 37. Rxe7+ Kf6 38. Rc7 Rxc5 39. Nd4 Rc1+ 40.
Kf2 Ke5 41. Rxc6 1-0

[Event "XXV C.to Italiano a squadre A"]
[Site "ITA"]
[Date "1993.??.??"]
[Round "3"]
[White "Scerbo, Antonio"]
[Black "Gaeta, Michele"]
[WhiteElo "2052"]
[BlackElo "1854"]
[Result "1/2-1/2"]
[PlyCount "109"]
[EventDate "1993.01.31"]

1. d4 Nf6 2. c4 g6 3. Nc3 Bg7 4. e4 d6 5. Nf3 O-O 6. Be2 c5 7. d5 e6 8. O-O
exd5 9. cxd5 a6 10. a4 Re8 11. Qc2 Bg4 12. h3 Bxf3 13. Bxf3 Nbd7 14. Bf4 Qc7
15. Rad1 Rab8 16. Rfe1 b5 17. axb5 axb5 18. Be2 c4 19. b4 cxb3 20. Qxb3 Nxe4
21. Nxb5 Qb6 22. Be3 Ndc5 23. Qc4 Ra8 24. Nd4 Ra4 25. Qb5 Rb8 26. Rb1 Qxb5 27.
Rxb5 Rba8 28. Nb3 Nxb3 29. Rxb3 Ra1 30. Reb1 Nc3 31. Rxa1 Rxa1+ 32. Kh2 h5 33.
Bf3 Be5+ 34. g3 h4 35. Bf4 Bxf4 36. gxf4 Na4 37. Rb8+ Kg7 38. Rd8 Nc5 39. Rxd6
Ra2 40. Kg1 Nd3 41. f5 gxf5 42. Rd8 Nxf2 43. Bg2 Ne4 44. d6 Rd2 45. d7 Kf6 46.
Re8 Rd1+ 47. Kh2 Rxd7 48. Bxe4 fxe4 49. Rxe4 Rd2+ 50. Kg1 Kg5 51. Rg4+ Kh5 52.
Rf4 Rd3 53. Kh2 Rd2+ 54. Kg1 Rd7 55. Kg2 1/2-1/2

[Event "XXV C.to Italiano a squadre A"]
[Site "ITA"]
[Date "1993.??.??"]
[Round "3"]
[White "Scattareggia, Domenico"]
[Black "Pegorari, Pietro"]
[WhiteElo "1827"]
[BlackElo "2011"]
[Result "1-0"]
[PlyCount "77"]
[EventDate "1993.01.31"]

1. e4 c6 2. d4 d5 3. e5 Bf5 4. Bd3 Bxd3 5. Qxd3 e6 6. Nf3 Nd7 7. O-O Ne7 8. Bg5
Qb6 9. b3 c5 10. c3 Nc6 11. Nbd2 Be7 12. Bxe7 Nxe7 13. Rfe1 Ng6 14. Rac1 O-O
15. Nf1 Rac8 16. h4 f5 17. exf6 Rxf6 18. Rc2 Rcf8 19. N1h2 Qd6 20. Qe3 h5 21.
g3 Ne7 22. Rce2 Nf5 23. Qg5 g6 24. Ne5 cxd4 25. Nxg6 R8f7 26. Qxh5 Rg7 27. Qh8+
Kf7 28. Ne5+ Nxe5 29. Rxe5 Rh6 30. Qc8 Nxh4 31. cxd4 Nf5 32. Nf3 Qb6 33. Qd7+
Kg8 34. Qe8+ Kh7 35. Rxe6 Qc7 36. Rxh6+ Nxh6 37. Kg2 Qd6 38. Re6 Qb4 39. Qh5
1-0